000 00343nam a22001457a 4500
005 20241220170818.0
008 241220b |||||||| |||| 00| 0 eng d
020 _a9780143447429
041 _aEnglish
082 _b1
100 _aGripper,Ali
245 _aThe Barefoot Surgeon
260 _aIndia
_bPenguin Random house
_c2019
942 _cBK
999 _c43173
_d43173